Diagram Cohomology and Isovariant Homotopy Theory
Αποθηκεύτηκε σε:
| Κύριος συγγραφέας: | |
|---|---|
| Άλλοι συγγραφείς: | |
| Μορφή: | Βιβλίο |
| Γλώσσα: | English |
| Δημοσίευση: |
Rhode island :
American Mathematical Society,
c1994
|
| Σειρά: | Memoirs of the American Mathematical Society ;
; 527 |
| Θέματα: | |
| Ετικέτες: |
Προσθήκη ετικέτας
Δεν υπάρχουν, Καταχωρήστε ετικέτα πρώτοι!
|
MARC
| LEADER | 00000nam a2200000 i 4500 | ||
|---|---|---|---|
| 001 | 1/48350 | ||
| 008 | 950727s1994 eng d | ||
| 020 | |a 0-8218-2589-5 | ||
| 035 | |1 ΕΛΗ |a 1995 |c ΚΕΧΑΓΙΑΣ |l 10043312 | ||
| 040 | |a GR-MY-UA |b gre |e aacr | ||
| 041 | 0 | |a eng | |
| 082 | 0 | |a 514.24 | |
| 100 | 1 | |a Dula, Giora. | |
| 245 | 1 | 0 | |a Diagram Cohomology and Isovariant Homotopy Theory / |c Giora Dula, Reinhard Schultz |
| 260 | |a Rhode island : |b American Mathematical Society, |c c1994 | ||
| 300 | |a 82 p.; |c 24 cm. | ||
| 490 | 1 | |a Memoirs of the American Mathematical Society |v ; 527 | |
| 500 | |a Includes bibliographical references | ||
| 650 | 0 | 0 | |a Obstruction theory. |
| 650 | 0 | 0 | |a Homotopy theory. |
| 650 | 0 | 0 | |a Spectral sequences (Mathematics) |
| 700 | 1 | |a Schultz, Reinhard |d 1943- | |
| 830 | 0 | |a Memoirs of the American Mathematical Society ; |v ; 527 | |
| 852 | |a INST |b SAMOS |e 19950727 |h 514.24 DUL |p 005300009874 |q 005300009874 |t BK |y 0 | ||
| 909 | |a Σ |b 041518 | ||